000 00581nam a2200133Ia 4500
005 20260209120150.0
008 260209s9999||||xx |||||||||||||| ||und||
100 _aKulkarni Maitreyi Umesh
245 0 _aContesting cultural authority : the socio-political and legal landscape of “free expression” in the cinematic depiction of historical myths
260 _aBangaloreBangalore
_bNLSIU, Bangalore
_c2023 - 2024
300 _a34 p. ; 25 cm.
700 _aDr. Anwesha Ghosh - Supervisor Dr. Anwesha Ghosh - Supervisor
856 _uhttps://dans.nls.ac.in/handle/123456789/2113
999 _c217677
_d217677